01367nam a2200265 a 450000100100000000500170001000800410002704000250006808200190009310000380011224500550015026000320020530000210023750000640025859000280032265000280035065000310037891000390040995201320044895201320058095201320071295201170084495201230096199900170108400001510020240412074242.0100201s2008 dr 000 p spa d aDO-SdBNPbspacBNPHU aRD861.5bP349v1 aPeña, Santo Edys,d1951-93418713aEl vaivén de mis recuerdos /cSanto Edys Peña. aBaní :bBanilejos,c2008. a139 p. ;c17 cm. aIncluye datos biográficos del autor en la contracubierta. aInventariado, 2019 / DG 0aPoesía dominicana966 0aLiteratura dominicana.967 aValidado. Control de calidad BNPHU 001054708DSaGRbGRcCTd2010-02-01iLF1l0oRD861.5 P349vp15100-30r2020-06-25te. 3w2020-06-25yLFDSZPréstamo en sala 001054708DSaGRbGRcCTd2010-02-01iLF1l0oRD861.5 P349vp15100-40r2020-06-25te. 4w2020-06-25yLFDSZPréstamo en sala 001054708DSaGRbGRcCTd2010-02-01iLF1l0oRD861.5 P349vp15100-50r2020-06-25te. 5w2020-06-25yLFDSZPréstamo en sala 0010718PDaPDbPDcCTd2010-02-01iLF1l0oRD861.5 P349vp15100-10r2020-06-25w2020-06-25yLFPDZNo se presta 0010718PDaPDbPDcCTd2010-02-01iLF1l0oRD861.5 P349vp15100-20r2020-06-25te. 2w2020-06-25yLFPDZNo se presta c14672d14672